000 02007 a2200229 4500
999 _c11031
_d11031
020 _a9780323087872
050 0 0 _aRB120
_bGOL 2014
100 1 _aGoljan, Edward F.,
_eauthor.
245 1 0 _aRapid review pathology /
_cEdward F. Goljan.
250 _aFifth edition.
264 1 _aPhiladelphia, PA :
_bElsevier, Inc.,
_c[2019]
300 _ax, 771 pages :
_b illustrations (some color)
336 _atext
_2rdacontent
_btxt
337 _aunmediated
_2rdamedia
_bn
338 _avolume
_2rdacarrier
_bnc
504 _aIncludes bibliographical references and index.
505 _aDiagnostic testing -- Cell injury -- Inflammation and repair -- Immunopathology -- Water, electrolyte, acid-base, and hemodynamic disorders -- Genetic and developmental disorders -- Environmental pathology -- Nutritional disorders -- Neoplasia -- Vascular disorders -- Heart disorders -- Red blood cell disorders -- White blood cell disorders -- Lymphoid tissue disorders -- Hemostasis disorders -- Immunohematology disorders -- Upper and lower respiratory disorders -- Gastrointestinal disorders -- Hepatobiliary and pancreatic disorders -- Kidney disorders -- Lower urinary tract and male reproductive disorders -- Female reproductive disorders and breast disorders -- Endocrine disorders -- Musculoskeletal and soft tissue disorders -- Skin disorders -- Nervous system and special sensory disorders
520 _a This book is by Edward F. Goljan, MD, makes it easy for you to master all of the pathology material covered on the USMLE Steps 1 and 2. It combines an updated outline-format review of key concepts and hundreds of full-color images and margin notes, PLUS more than 400 USMLE-style online questions! Get all the practice you need to succeed on the USMLEs! New to this edition: Visualize key pathologic concepts and conditions with over 1,000 full-color images, completely reviewed and updated for this new edition
650 1 2 _aPathology
942 _2lcc
_cBK
_e4th
_h120
_iGOL
_kRB